Swedish County Flags - Statistics

General Stats
  • This quiz has been taken 45 times
  • The average score is 13 of 21
Answer Stats
Picture Answer % Correct
Gotland
91%
Uppsala
91%
Blekinge
78%
Stockholm
78%
Norrbotten
65%
Skåne
65%
Dalarna
61%
Halland
61%
Södermanland
61%
Västerbotten
61%
Jämtland
57%
Kalmar
57%
Örebro
57%
Västernorrland
57%
Gävleborg
52%
Jönköping
52%
Kronoberg
52%
Västra Götaland
52%
Östergötland
48%
Värmland
48%
Västmanland
43%
No matching quizzes found
Score Distribution
Percent of People with Each Score
Percentile by Number Answered
Your Score History
You have not taken this quiz